000 00410nam a2200157 i 4500
001 bg
100 1 _aBERNAS, Stefan
245 0 _aModele matematyczne elementów systemu elektroenergetycznego /
_cStefan Bernas, Zbigniew Ciok.
260 _aWarszawa,
_c1977.
700 1 _aCIOK, Zbigniew
040 _cBPK
041 _apol
080 _a621.31
942 _cKS
008 s pl f |000 0 pol
999 _c17365
_d17365
856 _uhttp://koha.tu.koszalin.pl/cgi-bin/koha/opac-detail.pl?biblionumber=17365
_yKatalog online BPK